Tercer año básico: programas de estudio, nivel básico 2

Guardat en:
Dades bibliogràfiques
Autor corporatiu: Ministerio de Educación (Autor)
Format: Llibre
Idioma:espanyol
Publicat: Santiago Mineduc 2003
Col·lecció:Educación Básica, 3
Matèries:
Etiquetes: Afegir etiqueta
Sense etiquetes, Sigues el primer a etiquetar aquest registre!

MARC

LEADER 00000nam a2200000 a 4500
001 UCL0872
003 CL-VaPUC
005 20231110124120.0
008 030825e20030000CL |||||||||||||||||spa|d
999 |c 304598  |d 304596 
020 |a 9562920712 
040 |c Pontificia Universidad Católica de Valparaíso 
082 0 4 |a 372 MIN 2003  |2 21 
110 2 |a Ministerio de Educación  |e author  |9 477601 
245 1 0 |a Tercer año básico: programas de estudio, nivel básico 2 
260 |a Santiago  |b Mineduc  |c 2003 
300 |a 477 p 
490 0 |a Educación Básica, 3 
583 |a last modification  |c 20140528 02:13:09  |k Rodrigo Vera 
650 0 |a Educación básica   |9 224933 
650 0 |a Planificación del currículo  |9 269599 
650 0 |a Programas de estudio  |2 CL-VaPUC  |9 336673 
942 |c BK  |2 ddc 
945 |d 20030825 00:00:00  |a cmena 
952 |0 0  |1 0  |4 0  |6 372_000000000000000_MIN_2003  |7 0  |8 R  |9 367074  |a BIBEDU  |b BIBEDU  |d 2019-11-21  |i 3931773  |o 372 MIN 2003  |p 3931773  |r 2019-11-21  |w 2019-11-21  |y BK_R  |k EPE 
952 |0 0  |1 0  |4 0  |6 372_000000000000000_MIN_2003  |7 0  |8 R  |9 367075  |a BIBEDU  |b BIBEDU  |d 2019-11-21  |i 3932966  |o 372 MIN 2003  |p 3932966  |r 2019-11-21  |w 2019-11-21  |y BK_R  |k EPE 
952 |0 0  |1 0  |4 0  |6 372_000000000000000_MIN_2003  |7 0  |8 R  |9 367076  |a BIBEDU  |b BIBEDU  |d 2019-11-21  |i 3970876  |o 372 MIN 2003  |p 3970876  |r 2019-11-21  |w 2019-11-21  |y BK_R  |k EBA 
952 |0 0  |1 0  |4 0  |6 372_000000000000000_MIN_2003  |7 0  |8 R  |9 367077  |a BIBEDU  |b BIBEDU  |d 2019-11-21  |i 3970884  |o 372 MIN 2003  |p 3970884  |r 2019-11-21  |w 2019-11-21  |y BK_R  |k EBA 
952 |0 0  |1 0  |4 0  |6 372_000000000000000_MIN_2003  |7 0  |8 R  |9 367078  |a BIBEDU  |b BIBEDU  |d 2019-11-21  |i 4050479  |o 372 MIN 2003  |p 4050479  |r 2019-11-21  |w 2019-11-21  |y BK_R  |k EBA 
952 |0 0  |1 0  |4 0  |6 372_000000000000000_MIN_2003  |7 0  |8 R  |9 367079  |a BIBEDU  |b BIBEDU  |d 2019-11-21  |i 4084454  |o 372 MIN 2003  |p 4084454  |r 2019-11-21  |w 2019-11-21  |y BK_R  |k EBA 
952 |0 0  |1 0  |4 0  |6 372_000000000000000_MIN_2003  |7 0  |8 R  |9 367080  |a BIBEDU  |b BIBEDU  |d 2019-11-21  |i 4160010  |o 372 MIN 2003  |p 4160010  |r 2019-11-21  |w 2019-11-21  |y BK_R  |k EBA 
952 |0 0  |1 0  |4 0  |6 372_000000000000000_MIN_2003  |7 0  |8 R  |9 367081  |a BIBEDU  |b BIBEDU  |d 2019-11-21  |i 4277406  |o 372 MIN 2003  |p 4277406  |r 2019-11-21  |w 2019-11-21  |y BK_R  |k EBA 
952 |0 0  |1 0  |4 0  |6 372_000000000000000_MIN_2003  |7 0  |8 R  |9 367082  |a BIBEDU  |b BIBEDU  |d 2019-11-21  |i 4321529  |o 372 MIN 2003  |p 4321529  |r 2019-11-21  |w 2019-11-21  |y BK_R  |k EBA 
952 |0 0  |1 0  |4 0  |6 372_000000000000000_MIN_2003  |7 0  |8 A  |9 367084  |a BIBEDU  |b BIBEDU  |d 2019-11-21  |i 4115740  |o 372 MIN 2003  |p 4115740  |r 2023-01-12  |w 2019-11-21  |y BK  |k MUS 
952 |0 0  |1 0  |4 0  |6 372_000000000000000_MIN_2003  |7 0  |8 A  |9 367085  |a BIBEDU  |b BIBEDU  |d 2019-11-21  |i 4115759  |o 372 MIN 2003  |p 4115759  |r 2023-01-12  |w 2019-11-21  |y BK  |k MUS 
952 |0 0  |1 0  |4 0  |6 372_000000000000000_MIN_2003  |7 0  |8 A  |9 367086  |a BIBEDU  |b BIBEDU  |d 2019-11-21  |i 4115767  |o 372 MIN 2003  |p 4115767  |r 2023-01-12  |w 2019-11-21  |y BK  |k MUS 
952 |0 0  |1 0  |4 0  |6 372_000000000000000_MIN_2003  |7 0  |8 A  |9 367087  |a BIBEDU  |b BIBEDU  |d 2019-11-21  |i 4703251  |o 372 MIN 2003  |p 4703251  |r 2023-01-12  |w 2019-11-21  |y BK  |k MUS 
952 |0 0  |1 0  |4 0  |6 372_000000000000000_MIN_2003  |7 0  |8 A  |9 367088  |a BIBEDU  |b BIBEDU  |d 2019-11-21  |i 470326K  |o 372 MIN 2003  |p 470326K  |r 2023-01-12  |w 2019-11-21  |y BK  |k MUS